000 01026cad a22002415a 4500
001 E147558
008 090522s2009 xxkad f s 000 0 eng d
035 _a(Sirsi) u147558
041 0 _aeng
050 0 4 _a333.33 $2 18
110 2 _aCluttons
_92064
245 0 0 _aQuarterly property market update
_bFebruary 2009
_h[electronic resource]
260 _aLondon
_bCluttons
_c2009
490 0 _aQuarterly Property Market Update
_vFebruary 2009
520 _aPredicts commercial property returns will be -9% in 2009, with industrial property providing the best return in 2009 of -4%. Reports that UK house prices fell by -15% in 2008; forecasts that they will fall by -9% in 2009.
590 _aKA
650 2 4 _aCLUTTONS QUARTERLY PROPERTY MARKET UPDATE
651 4 _aUnited Kingdom
_y
690 _aPROPERTY-COMMERCIAL PROPERTY-COMMERCIAL PROPERTY MARKET
690 _aPROPERTY-RESIDENTIAL PROPERTY-RESIDENTIAL PROPERTY MARKET
856 4 0 _uhttps://www.cluttons.com/
_zView the report at www.cluttons.com...
942 _n0
999 _c109619
_d109619